000 00746nam a22002177a 4500
005 20251029084932.0
008 251015b |||||||| |||| 00| 0 eng d
020 _a9781401977603
082 _aDC 158.1 L628 2024
100 _aLima, Jamie Kern.
_968847
245 _aWorthy :
_bhow to believe you are enough and transform your life simple steps, life-changing results /
_cJamie Kern Lima.
260 _aUSA :
_bHay House, Inc.,
_c©2024.
300 _ax, 329 pages :
_billustrations ;
_c22 cm.
500 _aIncludes bibliography.
650 0 _aSelf-esteem.
_969021
650 0 _aSelf-actualization (Psychology).
_969022
650 0 _aSuccess.
_969023
650 0 _aHappiness.
_969024
650 0 _aConduct of life.
_969025
942 _2ddc
_cDC
999 _c24049
_d24049